[Event "I Weekend"]
[Site "Rivarolo Mantovano ITA"]
[Date "2003.10.18"]
[Round "4"]
[White "Mussap, Angelo"]
[Black "Gozzi, Fabrizio"]
[Result "1-0"]
[WhiteElo "1807"]
[BlackElo "1812"]
[PlyCount "108"]
[EventDate "2003.10.11"]

1. e4 c5 2. Nf3 Nc6 3. d4 cxd4 4. Nxd4 e5 5. Nb5 a6 6. Nd6+ Bxd6 7. Qxd6 Qf6 8.
Qd2 Qg6 9. f3 Nge7 10. Na3 b5 11. c3 O-O 12. Nc2 d6 13. Ne3 Rd8 14. Bd3 Qh5 15.
O-O Be6 16. Qe2 d5 17. exd5 Nxd5 18. Nxd5 Bxd5 19. Re1 Rd6 20. a4 bxa4 21. Bxa6
Nd4 22. cxd4 Raxa6 23. dxe5 Rg6 24. Ra3 Qh3 25. Bf4 Qh4 26. Bg3 Qe7 27. Qb5 Bb3
28. Qb8+ Qf8 29. Qxf8+ Kxf8 30. Raa1 Rgc6 31. Rac1 Ke7 32. Bf2 Ke6 33. f4 g6
34. Bc5 Kd5 35. Bb4 Rxc1 36. Rxc1 Rc6 37. Bc3 Rc4 38. g3 Ke4 39. Kf2 Kd3 40.
Re1 a3 41. e6 fxe6 42. Rxe6 Rxf4+ 43. gxf4 Bxe6 44. Bg7 a2 45. b4 Kc2 46. Ke3
Kb1 47. Ke4 a1=Q 48. Bxa1 Kxa1 49. Ke5 Bc4 50. Kf6 Bd3 51. Kg7 h5 52. b5 Bxb5
53. Kxg6 h4 54. Kg5 h3 1-0

[Event "I Weekend"]
[Site "Rivarolo Mantovano ITA"]
[Date "2003.10.18"]
[Round "4"]
[White "Romagnoli, Franco"]
[Black "Fezzardi, Emanuele"]
[Result "1-0"]
[WhiteElo "1940"]
[BlackElo "1762"]
[PlyCount "94"]
[EventDate "2003.10.11"]

1. Nf3 d5 2. d3 Nf6 3. Nbd2 c5 4. g3 Nc6 5. Bg2 e6 6. O-O Bd6 7. e4 O-O 8. Re1
Nd7 9. Nh4 d4 10. a4 Rb8 11. Nc4 Be7 12. Nf3 e5 13. h4 b6 14. Bh3 Qc7 15. Nh2
Nf6 16. Bg2 Ne8 17. f4 f6 18. f5 Nd6 19. b3 Nf7 20. Bf3 a6 21. Re2 b5 22. axb5
axb5 23. Nd2 Nd6 24. g4 g5 25. hxg5 fxg5 26. Nhf1 Bd7 27. Ng3 Na5 28. Rh2 c4
29. bxc4 bxc4 30. Be2 cxd3 31. Bxd3 Bb5 32. Nf3 Nf7 33. Qf1 Bxd3 34. Qh3 h6 35.
Qh5 Qd6 36. Ba3 Qf6 37. Bxe7 Qxe7 38. Qg6+ Kh8 39. f6 Rg8 40. Qxg8+ Kxg8 41.
fxe7 Nc6 42. cxd3 Nxe7 43. Rha2 Rb3 44. Ra3 Rb2 45. Nf5 Ng6 46. Ra8+ Kh7 47.
R1a7 Ngh8 1-0

[Event "I Weekend"]
[Site "Rivarolo Mantovano ITA"]
[Date "2003.10.19"]
[Round "5"]
[White "Benedetti, Maurizio"]
[Black "Dordoni, Dario"]
[Result "1/2-1/2"]
[WhiteElo "1522"]
[BlackElo "1609"]
[PlyCount "93"]
[EventDate "2003.10.11"]

1. e4 d6 2. d4 Nf6 3. Nc3 g6 4. Be3 Bg7 5. f3 c6 6. Qd2 h5 7. O-O-O Qa5 8. e5
Nd5 9. Nxd5 Qxd2+ 10. Rxd2 cxd5 11. exd6 exd6 12. Bf4 Bf8 13. Bb5+ Bd7 14. Re2+
Kd8 15. Bg5+ Kc7 16. Bxd7 Nxd7 17. Nh3 Kc6 18. Rhe1 Rh7 19. f4 Bg7 20. c3 Nf6
21. Nf2 Rhh8 22. Nd3 a5 23. Nf2 Rhe8 24. Kd2 Kd7 25. Rxe8 Rxe8 26. Rxe8 Nxe8
27. Nd3 Bf6 28. b4 axb4 29. Nxb4 Bxg5 30. fxg5 Nc7 31. h4 Ke6 32. Ke3 Kf5 33.
Kf3 Ke6 34. a4 Na8 35. Nd3 Nc7 36. Kf4 Na8 37. g4 hxg4 38. Kxg4 Nc7 39. Nf4+
Ke7 40. h5 gxh5+ 41. Nxh5 Ne8 42. Kf5 b6 43. Nf4 Nc7 44. g6 fxg6+ 45. Nxg6+ Kd7
46. Kf6 Ne6 47. Nh4 1/2-1/2

[Event "I Weekend"]
[Site "Rivarolo Mantovano ITA"]
[Date "2003.10.19"]
[Round "5"]
[White "Fezzardi, Emanuele"]
[Black "Gualazzi, Paolo"]
[Result "1-0"]
[WhiteElo "1762"]
[BlackElo "1684"]
[PlyCount "139"]
[EventDate "2003.10.11"]

1. d4 Nf6 2. c4 g6 3. Nc3 Bg7 4. g3 O-O 5. Bg2 d6 6. Nf3 e6 7. e4 Nc6 8. O-O a5
9. h3 Bd7 10. Be3 Ne7 11. Nd2 c6 12. e5 dxe5 13. dxe5 Ne8 14. f4 Nf5 15. Bf2
Qc7 16. g4 Ne7 17. Bc5 Bc8 18. Qb3 f5 19. g5 Rf7 20. Nf3 Bd7 21. Rfd1 Nc8 22.
Rd2 b6 23. Be3 Bf8 24. Rad1 Rb8 25. Nd4 Ng7 26. Bf3 Kh8 27. h4 Bc5 28. Na4 Bf8
29. Nc3 Bc5 30. Rh2 Na7 31. Qc2 Bxd4 32. Bxd4 c5 33. Be3 Bc6 34. Bxc6 Qxc6 35.
Qg2 Qc7 36. Qf3 Rd8 37. Rhd2 Rb8 38. Rd6 Re7 39. Bf2 Ne8 40. R6d2 Ng7 41. Qd3
Nh5 42. Ne2 Kg8 43. Qd6 Qb7 44. Qxb8+ Qxb8 45. Rd8+ Qxd8 46. Rxd8+ Kf7 47. Rb8
Nc6 48. Rxb6 Nd4 49. Bxd4 cxd4 50. Rd6 Rb7 51. b3 a4 52. Nxd4 axb3 53. axb3
Nxf4 54. Nb5 Ke7 55. Kf2 Nh5 56. Rd3 Rd7 57. Rxd7+ Kxd7 58. Kf3 Kc6 59. b4 Ng7
60. Ke3 Ne8 61. Nd4+ Kd7 62. Kd3 Nc7 63. c5 Nd5 64. b5 Nf4+ 65. Kc4 Ng2 66. c6+
Kc8 67. b6 f4 68. Kc5 Nxh4 69. b7+ Kb8 70. Kb6 1-0

[Event "I Weekend"]
[Site "Rivarolo Mantovano ITA"]
[Date "2003.10.19"]
[Round "5"]
[White "Galli, Massimiliano"]
[Black "Gallo, Carlo"]
[Result "0-1"]
[WhiteElo "1440"]
[BlackElo "1654"]
[PlyCount "100"]
[EventDate "2003.10.11"]

1. d4 d6 2. c4 e5 3. dxe5 dxe5 4. Qxd8+ Kxd8 5. e4 Be6 6. Nf3 f6 7. Be3 c6 8.
Be2 Kc7 9. O-O Nd7 10. Rd1 Nh6 11. h3 Nf7 12. Nc3 Be7 13. a3 a5 14. Rac1 Rad8
15. Na4 b6 16. Nd2 Nc5 17. Nxc5 Bxc5 18. Bxc5 bxc5 19. Nb3 Kb6 20. Na1 Ng5 21.
f3 Bf7 22. Nc2 Ne6 23. Kf2 Nd4 24. Nxd4 Rxd4 25. Rxd4 cxd4 26. c5+ Kc7 27. b4
axb4 28. axb4 Ra8 29. b5 cxb5 30. Bxb5 Rb8 31. Bd3 Kc6 32. Kg3 Rb3 33. Bc2 Rc3
34. Ba4+ Kxc5 35. Rxc3+ dxc3 36. Kf2 Kb4 37. Bc2 Bb3 38. Bd3 c2 39. Bxc2 Bxc2
40. Ke3 g6 41. h4 f5 42. exf5 gxf5 43. g3 Kc5 44. g4 fxg4 45. fxg4 h6 46. g5 h5
47. Kd2 Bf5 48. Kc3 Kd5 49. Kd2 Ke4 50. Ke2 Kf4 0-1

[Event "I Weekend"]
[Site "Rivarolo Mantovano ITA"]
[Date "2003.10.19"]
[Round "5"]
[White "Ghirardi, Gianfranco"]
[Black "Gualtieri, Primo"]
[Result "0-1"]
[WhiteElo "1615"]
[BlackElo "1552"]
[PlyCount "120"]
[EventDate "2003.10.11"]

1. f4 d5 2. Nf3 c5 3. d3 g6 4. c3 Bg7 5. g3 Nc6 6. Bg2 Bg4 7. Be3 Qd6 8. h3
Bxf3 9. exf3 Nh6 10. Bf2 O-O 11. O-O Rad8 12. Nd2 d4 13. Ne4 Qc7 14. c4 Nf5 15.
Re1 Ne3 16. Qe2 Nb4 17. Rec1 b6 18. a3 Nc6 19. Kh1 Rd7 20. h4 Nxg2 21. Kxg2 e5
22. fxe5 Bxe5 23. f4 Bg7 24. Ng5 h6 25. Nh3 Ne7 26. Qf3 Nf5 27. Re1 Ne3+ 28.
Bxe3 dxe3 29. Qxe3 Rfd8 30. Red1 Qc6+ 31. Qf3 Qxf3+ 32. Kxf3 Rxd3+ 33. Ke2 Rxd1
34. Rxd1 Rxd1 35. Kxd1 Bxb2 36. a4 Bd4 37. g4 f5 38. gxf5 gxf5 39. h5 Kf7 40.
Kc2 Ke6 41. Kb3 a6 42. a5 bxa5 43. Ka4 Bc3 44. Nf2 Kd6 45. Nd3 Kc6 46. Kb3 Bd4
47. Ka4 Kb6 48. Kb3 Ba1 49. Nc1 Bf6 50. Ne2 Bd4 51. Ka4 Be3 52. Nc3 Bd2 53.
Nd5+ Kc6 54. Ne7+ Kd7 55. Nd5 Kd6 56. Kb3 a4+ 57. Kxa4 Bb4 58. Nxb4 cxb4 59.
Kxb4 Kc6 60. Kc3 Kc5 0-1

[Event "I Weekend"]
[Site "Rivarolo Mantovano ITA"]
[Date "2003.10.19"]
[Round "5"]
[White "Gozzi, Fabrizio"]
[Black "Menini, Luca"]
[Result "1-0"]
[WhiteElo "1812"]
[BlackElo "1516"]
[PlyCount "97"]
[EventDate "2003.10.11"]

1. e4 e6 2. d4 d5 3. e5 c5 4. c3 Nc6 5. Nf3 Bd7 6. a3 Be7 7. Be2 f6 8. Bf4 Qb6
9. b4 cxd4 10. cxd4 a6 11. Nc3 Na7 12. O-O Nb5 13. Na4 Qd8 14. Qb3 g5 15. Be3
f5 16. Rfc1 f4 17. Bd2 g4 18. Bxb5 axb5 19. Nc5 Bxc5 20. bxc5 gxf3 21. Qxf3 Ne7
22. Qh5+ Ng6 23. Bxf4 Qh4 24. Qxh4 Nxh4 25. Bg5 Nxg2 26. Kxg2 Rg8 27. h4 h6 28.
f4 hxg5 29. fxg5 Ke7 30. Rf1 Raf8 31. Rf6 Rxf6 32. exf6+ Kf7 33. Kg3 Kg6 34.
Kf4 Ra8 35. h5+ Kf7 36. Ke5 b4 37. g6+ Kg8 38. h6 Be8 39. f7+ Bxf7 40. gxf7+
Kxf7 41. Rf1+ Ke7 42. axb4 Ra2 43. Rh1 Re2+ 44. Kf4 Rf2+ 45. Kg5 Rg2+ 46. Kf4
Rf2+ 47. Ke3 Rf8 48. h7 Rh8 49. b5 1-0

[Event "I Weekend"]
[Site "Rivarolo Mantovano ITA"]
[Date "2003.10.19"]
[Round "5"]
[White "Grillo, Francesco"]
[Black "Zordan, Giovanni"]
[Result "1-0"]
[WhiteElo "1654"]
[BlackElo "1453"]
[PlyCount "89"]
[EventDate "2003.10.11"]

1. d4 d5 2. Nc3 Nf6 3. Bg5 e6 4. Nf3 Be7 5. e3 c6 6. Bd3 Ne4 7. Bxe7 Nxc3 8.
Bxd8 Nxd1 9. Rxd1 Kxd8 10. O-O f6 11. c4 b6 12. b4 a6 13. a4 Kd7 14. e4 Bb7 15.
Rfe1 a5 16. b5 Kc7 17. exd5 cxd5 18. Rxe6 dxc4 19. Bxc4 Bxf3 20. gxf3 Nd7 21.
Rde1 Rac8 22. Bd5 g5 23. Re7 Kd8 24. Rg7 Rc7 25. Ree7 Re8 26. Rxe8+ Kxe8 27.
Rxh7 Kd8 28. Bc6 Nf8 29. Rxc7 Kxc7 30. f4 Ne6 31. fxg5 fxg5 32. Bd5 Nxd4 33.
Kg2 Kd6 34. Bg8 Ke5 35. Kg3 Ne2+ 36. Kg4 Kf6 37. h4 gxh4 38. Kxh4 Kf5 39. Bc4
Nc3 40. Bd3+ Kf4 41. Bc2 Kf3 42. Kg5 Kxf2 43. Kf5 Ke3 44. Ke5 Na2 45. Kd6 1-0

[Event "I Weekend"]
[Site "Rivarolo Mantovano ITA"]
[Date "2003.10.19"]
[Round "5"]
[White "Massa, Salvenrico"]
[Black "Cottarelli, Franco"]
[Result "1/2-1/2"]
[WhiteElo "1750"]
[BlackElo "1698"]
[PlyCount "126"]
[EventDate "2003.10.11"]

1. Nf3 f5 2. d4 Nf6 3. c4 e6 4. Nc3 d5 5. Ne5 c6 6. Bg5 Be7 7. c5 O-O 8. e3
Nbd7 9. Bxf6 Bxf6 10. f4 Qe8 11. Be2 Nxe5 12. dxe5 Be7 13. b4 b6 14. Na4 Rb8
15. a3 bxc5 16. bxc5 Qd8 17. O-O Qa5 18. Qd4 Ba6 19. Bxa6 Qxa6 20. Rfb1 Rb5 21.
Rb4 Qa5 22. Rxb5 cxb5 23. Nb2 Rc8 24. Nd3 Qd2 25. h3 g5 26. Rf1 gxf4 27. Nxf4
Qxd4 28. exd4 Kf7 29. Kf2 Rc6 30. Ke2 Bd8 31. g4 fxg4 32. Nxd5+ Kg6 33. Nb4 Rc8
34. hxg4 Be7 35. Kd3 a5 36. Nc2 Rd8 37. Ke4 Rb8 38. Rf3 h6 39. c6 b4 40. axb4
axb4 41. Rb3 Kg5 42. Ne3 Rd8 43. d5 exd5+ 44. Nxd5 Bc5 45. c7 Rc8 46. Kf3 Rf8+
47. Nf6 Bb6 48. c8=Q Rxc8 49. Ne4+ Kg6 50. Rxb4 Rf8+ 51. Kg3 Bc7 52. Nd6 Ba5
53. Rf4 Rb8 54. Rf6+ Kg7 55. Nf5+ Kg8 56. Nxh6+ Kg7 57. Nf5+ Kg8 58. e6 Bc7+
59. Kh4 Be5 60. Rf7 Re8 61. Ne7+ Rxe7 62. Rxe7 Bf6+ 63. Kh5 Bxe7 1/2-1/2

[Event "I Weekend"]
[Site "Rivarolo Mantovano ITA"]
[Date "2003.10.19"]
[Round "5"]
[White "Panizzi, Giuseppe"]
[Black "Braghetta, Sergio"]
[Result "0-1"]
[WhiteElo "1841"]
[BlackElo "2255"]
[PlyCount "70"]
[EventDate "2003.10.11"]

1. d4 Nf6 2. Nf3 g6 3. Bf4 Bg7 4. e3 c5 5. Be2 Qb6 6. Qc1 Nc6 7. c3 d5 8. Nbd2
cxd4 9. exd4 Bf5 10. Ne5 Rc8 11. Nxc6 bxc6 12. b4 Nd7 13. Nf3 Bg4 14. Be3 Bxf3
15. gxf3 Qc7 16. f4 Nf6 17. h4 h5 18. Rg1 Qd7 19. f3 Qh3 20. Kd2 Bh6 21. Qa3
O-O 22. Qxa7 Qe6 23. Qa4 Ne8 24. Bd3 Nd6 25. Qc2 f5 26. Rg2 Kf7 27. a4 Ne8 28.
Rag1 Nd6 29. Rxg6 Qxg6 30. Rxg6 Kxg6 31. a5 Kf6 32. Ke1 Rg8 33. Qe2 Rg6 34. Kf2
Rcg8 35. Kf1 R6g7 0-1

[Event "I Weekend"]
[Site "Rivarolo Mantovano ITA"]
[Date "2003.10.19"]
[Round "5"]
[White "Peron, Davide"]
[Black "Bocceda, Carlo"]
[Result "1-0"]
[WhiteElo "1585"]
[BlackElo "1636"]
[PlyCount "100"]
[EventDate "2003.10.11"]

1. e4 e5 2. Nf3 d6 3. Bc4 Be6 4. Bxe6 fxe6 5. d4 exd4 6. Nxd4 Qd7 7. Qh5+ g6 8.
Qh3 e5 9. Qe6+ Be7 10. Qxd7+ Kxd7 11. Nf3 Nf6 12. Nc3 Nc6 13. O-O Nb4 14. Ne1
Raf8 15. a3 Nc6 16. Nf3 h6 17. Nh4 Rhg8 18. Nf3 g5 19. h3 Nh5 20. Nd5 Bd8 21.
c3 Nf4 22. Nxf4 gxf4 23. Kh2 Rg6 24. Bd2 Rfg8 25. Rg1 Na5 26. Rad1 Nb3 27. Bc1
Nc5 28. Nxe5+ Kc8 29. Nxg6 Rxg6 30. f3 Ne6 31. g3 Ng5 32. Rdf1 fxg3+ 33. Rxg3
Rf6 34. Bxg5 hxg5 35. Rxg5 Rxf3 36. Rxf3 Bxg5 37. Rf2 Be3 38. Re2 Bf4+ 39. Kg2
Kd7 40. Kf3 Be5 41. h4 b5 42. Rc2 c5 43. c4 Kc6 44. cxb5+ Kxb5 45. b3 a5 46.
Rc4 Kc6 47. a4 d5 48. exd5+ Kxd5 49. h5 Bd4 50. Kf4 Bb2 1-0

[Event "I Weekend"]
[Site "Rivarolo Mantovano ITA"]
[Date "2003.10.19"]
[Round "5"]
[White "Pipitone, Antonio"]
[Black "Moi, Roberto"]
[Result "1/2-1/2"]
[WhiteElo "2014"]
[BlackElo "1840"]
[PlyCount "87"]
[EventDate "2003.10.11"]

1. e4 e5 2. Nf3 Nf6 3. Nxe5 d6 4. Nf3 Nxe4 5. d4 d5 6. Bd3 Nc6 7. O-O Be7 8. c4
Nb4 9. cxd5 Nxd3 10. Qxd3 Qxd5 11. Nc3 Nxc3 12. bxc3 O-O 13. c4 Qf5 14. Qe3 Bf6
15. Ba3 Rd8 16. Rae1 Bd7 17. Qe4 Qxe4 18. Rxe4 Bf5 19. Rf4 Bd3 20. Rc1 Be2 21.
d5 Re8 22. Bc5 Bxf3 23. Rxf3 Re4 24. Kf1 b6 25. Be3 Rae8 26. c5 Bd4 27. cxb6
Bxb6 28. Bxb6 cxb6 29. Rd3 Kf8 30. d6 Rd8 31. Rc7 Re6 32. Rxa7 Rexd6 33. Rxd6
Rxd6 34. Ke2 g6 35. Rb7 Kg7 36. Ke3 Kf6 37. f4 h5 38. h3 Ke6 39. g4 hxg4 40.
hxg4 f5 41. g5 Kd5 42. Rf7 Re6+ 43. Kf3 Rc6 44. Rd7+ 1/2-1/2

[Event "I Weekend"]
[Site "Rivarolo Mantovano ITA"]
[Date "2003.10.19"]
[Round "5"]
[White "Ruggeri, Dario"]
[Black "Mussap, Angelo"]
[Result "0-1"]
[WhiteElo "1729"]
[BlackElo "1807"]
[PlyCount "92"]
[EventDate "2003.10.11"]

1. e4 c5 2. Nf3 d6 3. d4 cxd4 4. Nxd4 Nf6 5. Nc3 a6 6. Bd3 g6 7. h3 Bg7 8. Be3
Nc6 9. a3 Ne5 10. Be2 Bd7 11. f4 Nc6 12. O-O O-O 13. Qe1 Nxe4 14. Nxe4 Bxd4 15.
Bxd4 Nxd4 16. Bd3 Nf5 17. Kh1 Bc6 18. Ng3 Nxg3+ 19. Qxg3 f5 20. Rfe1 Rf6 21.
Qe3 Kf8 22. Rad1 Qc7 23. Qd4 Bd7 24. Bc4 Rc8 25. Bb3 Qc5 26. Qd3 Bc6 27. Qg3
Be4 28. h4 e6 29. Re3 Rc7 30. Qg5 Kg7 31. Rh3 Qf2 32. Rxd6 h6 33. Qg3 Qxg3 34.
Rxg3 Bxc2 35. Rxe6 Rxe6 36. Bxe6 Kf6 37. Bg8 Be4 38. h5 gxh5 39. Bb3 Rc1+ 40.
Kh2 Rf1 41. Rh3 Rxf4 42. Rxh5 Kg6 43. Rh3 Rf2 44. Rg3+ Kf6 45. Kh3 Rxb2 46. Bd1
f4 0-1

[Event "I Weekend"]
[Site "Rivarolo Mantovano ITA"]
[Date "2003.10.19"]
[Round "5"]
[White "Salati, Paolo"]
[Black "Conca, Mauro"]
[Result "1-0"]
[WhiteElo "1615"]
[BlackElo "1600"]
[PlyCount "113"]
[EventDate "2003.10.11"]

1. e4 b6 2. d4 Bb7 3. Nc3 e6 4. a3 g6 5. Nf3 Bg7 6. Bd3 Ne7 7. O-O O-O 8. Bg5
h6 9. Be3 Kh7 10. Qd2 d6 11. h3 Nd7 12. Nh2 c5 13. dxc5 Nxc5 14. f3 Nxd3 15.
Qxd3 d5 16. Rad1 dxe4 17. Nxe4 Qxd3 18. Rxd3 Ba6 19. Rd7 Nd5 20. Re1 Bxb2 21.
Bc1 Bg7 22. Nd6 Kg8 23. Ng4 Bc8 24. Nxc8 Rfxc8 25. Bxh6 Rd8 26. Rxd8+ Rxd8 27.
Bxg7 Kxg7 28. Rd1 Rc8 29. Rd2 Rc3 30. a4 Rc4 31. a5 bxa5 32. Ne5 Rc3 33. Nd3 a4
34. Nc1 a5 35. Na2 Rc4 36. c3 Nxc3 37. Rc2 Nxa2 38. Rxc4 Nb4 39. Rc5 a3 40.
Rxa5 Nc2 41. Kf2 f5 42. Ke2 Kf6 43. Kd2 Nb4 44. Rxa3 Nd5 45. g3 Nb6 46. Kd3 Nd5
47. Ra4 Ne7 48. f4 Ng8 49. Ra8 Ne7 50. Ra6 Nd5 51. Kd4 Ne7 52. Rd6 Nc8 53. Rd8
Ne7 54. Kc5 g5 55. fxg5+ Kxg5 56. Kd6 Kf6 57. Rf8+ 1-0

[Event "I Weekend"]
[Site "Rivarolo Mantovano ITA"]
[Date "2003.10.19"]
[Round "5"]
[White "Schiatti, Piero"]
[Black "Bozuffi, Italo"]
[Result "1-0"]
[WhiteElo "1804"]
[BlackElo "1570"]
[PlyCount "45"]
[EventDate "2003.10.11"]

1. c4 b6 2. Nc3 d6 3. d4 e6 4. e4 Bb7 5. f4 g6 6. Nf3 Ne7 7. Bd3 Bg7 8. O-O Nd7
9. Be3 O-O 10. Qd2 f5 11. Ng5 Qc8 12. Nxe6 Rf7 13. Nxg7 Kxg7 14. e5 dxe5 15.
fxe5 Nb8 16. d5 Ng8 17. e6 Re7 18. Bd4+ Kf8 19. g4 Rg7 20. Bxg7+ Kxg7 21. gxf5
Qf8 22. fxg6 Qc5+ 23. Kh1 1-0

[Event "I Weekend"]
[Site "Rivarolo Mantovano ITA"]
[Date "2003.10.19"]
[Round "5"]
[White "Tencati, Giuseppe"]
[Black "Terbonati, Paolo"]
[Result "1-0"]
[WhiteElo "2115"]
[BlackElo "1572"]
[PlyCount "49"]
[EventDate "2003.10.11"]

1. d4 Nf6 2. c4 g6 3. Nc3 Bg7 4. e4 d6 5. Nf3 O-O 6. Be2 e5 7. d5 Nbd7 8. Bg5
a5 9. Nd2 h6 10. Be3 Nc5 11. a3 Na6 12. b4 axb4 13. axb4 Bd7 14. Rb1 b6 15. O-O
Qc8 16. Qb3 Ng4 17. Bxg4 Bxg4 18. f3 Bd7 19. Rb2 f5 20. Ra1 f4 21. Bf2 Qb7 22.
Rba2 b5 23. c5 dxc5 24. bxc5 Rf6 25. c6 1-0

[Event "I Weekend"]
[Site "Rivarolo Mantovano ITA"]
[Date "2003.10.19"]
[Round "6"]
[White "Badalotti, Dario"]
[Black "Trazzi, Enrico"]
[Result "1/2-1/2"]
[WhiteElo "1450"]
[BlackElo "1642"]
[PlyCount "61"]
[EventDate "2003.10.11"]

1. e4 g6 2. Nf3 d6 3. d3 Bg4 4. Be2 Bg7 5. O-O c5 6. c3 Nc6 7. Nbd2 Nf6 8. h3
Bxf3 9. Bxf3 Qb6 10. Nb3 Nd7 11. Be3 a5 12. Rb1 a4 13. Nd2 Qc7 14. Re1 O-O 15.
Nf1 a3 16. d4 Rfd8 17. Ng3 Na5 18. b4 Nc4 19. bxc5 Nxe3 20. Rxe3 dxc5 21. Rd3
e6 22. dxc5 Nxc5 23. Rxd8+ Rxd8 24. Qc2 b6 25. c4 Nb7 26. Rd1 Rxd1+ 27. Bxd1
Nd6 28. Be2 Nb7 29. Bd3 Be5 30. Ne2 Nd6 31. f3 1/2-1/2

[Event "I Weekend"]
[Site "Rivarolo Mantovano ITA"]
[Date "2003.10.19"]
[Round "6"]
[White "Bellelli, Ettore"]
[Black "Ruggeri, Dario"]
[Result "0-1"]
[WhiteElo "1600"]
[BlackElo "1729"]
[PlyCount "104"]
[EventDate "2003.10.11"]

1. d4 Nf6 2. c4 e5 3. d5 Bc5 4. e3 d6 5. Nc3 a6 6. Be2 O-O 7. Nf3 Nbd7 8. Qc2
Ba7 9. O-O Ne8 10. e4 h6 11. b4 Ndf6 12. h3 Nh7 13. Nd1 f5 14. Bd3 f4 15. c5
Ng5 16. Nh2 Qf6 17. f3 Qg6 18. Kh1 Nf6 19. Bd2 Bd7 20. a4 h5 21. c6 bxc6 22.
dxc6 Be6 23. Bxa6 Bd4 24. h4 Nf7 25. Bc3 Bxc3 26. Nxc3 Rxa6 27. b5 Ra5 28. Qb2
Qg3 29. Qb4 Rfa8 30. Ne2 Qxh4 31. Nc1 Ne8 32. Nb3 Bxb3 33. Qxb3 Kf8 34. Rfc1
Qf2 35. Nf1 h4 36. Ra2 Qa7 37. Rc4 Nd8 38. Nd2 Ne6 39. Rb4 Nc5 40. Qc2 Rxa4 41.
Rbxa4 Nxa4 42. Nc4 Ke7 43. Nb2 Qe3 44. Rxa4 Rxa4 45. Nxa4 Nf6 46. Qc3 Qe2 47.
Qa5 Ne8 48. Kh2 g5 49. b6 g4 50. bxc7 gxf3 51. Kh3 Qxg2+ 52. Kxh4 Kf6 0-1

[Event "I Weekend"]
[Site "Rivarolo Mantovano ITA"]
[Date "2003.10.19"]
[Round "6"]
[White "Bonugli, Carlo"]
[Black "Mussap, Angelo"]
[Result "1-0"]
[WhiteElo "2047"]
[BlackElo "1807"]
[PlyCount "118"]
[EventDate "2003.10.11"]

1. e4 c5 2. Nc3 Nc6 3. g3 d6 4. Bg2 g6 5. d3 Bg7 6. f4 Nf6 7. Nf3 O-O 8. O-O
Bg4 9. h3 Bxf3 10. Qxf3 e5 11. f5 Nd4 12. Qf2 h6 13. Nd1 g5 14. c3 Nc6 15. Ne3
Kh7 16. Nd5 Ne7 17. Nxf6+ Bxf6 18. Be3 Ng8 19. Rfd1 Qc7 20. Qf3 Bg7 21. Bf1
Rad8 22. Rac1 b6 23. Rd2 Qc6 24. Rh2 Nf6 25. c4 b5 26. g4 Rh8 27. b3 Kg8 28.
cxb5 Qxb5 29. d4 Qb7 30. d5 Kf8 31. Rhc2 Nd7 32. Bd2 f6 33. a3 Kf7 34. Qd3 Rb8
35. b4 Rhc8 36. Qa6 Qxa6 37. Bxa6 Rc7 38. a4 Bf8 39. Bb5 Rb6 40. Be3 a6 41.
Bxd7 Rxd7 42. bxc5 dxc5 43. Bxc5 Bxc5+ 44. Rxc5 Rb4 45. R5c4 Rdb7 46. d6 Ke8
47. Rc7 Kd8 48. Rxb7 Rxb7 49. Rc6 Rb4 50. Rxa6 Kd7 51. Ra7+ Kxd6 52. Rf7 Rxa4
53. Rxf6+ Kd7 54. Rxh6 Rxe4 55. Rg6 Re3 56. Kg2 Re2+ 57. Kf3 Rh2 58. Rxg5 Rxh3+
59. Ke4 Ke7 1-0

[Event "I Weekend"]
[Site "Rivarolo Mantovano ITA"]
[Date "2003.10.19"]
[Round "6"]
[White "Cottarelli, Franco"]
[Black "Panizzi, Giuseppe"]
[Result "0-1"]
[WhiteElo "1698"]
[BlackElo "1841"]
[PlyCount "118"]
[EventDate "2003.10.11"]

1. e4 c5 2. Nc3 Nc6 3. f4 e6 4. Nf3 d5 5. exd5 exd5 6. Bb5 Nf6 7. O-O Be7 8.
Re1 O-O 9. Bxc6 bxc6 10. Ne5 Bd7 11. d3 d4 12. Ne4 Nxe4 13. dxe4 Bd6 14. Nxd7
Qxd7 15. e5 Bc7 16. Qf3 Rae8 17. Bd2 Bb6 18. Kh1 c4 19. Rad1 c5 20. f5 Qc7 21.
Bf4 Kh8 22. f6 gxf6 23. exf6 Qd7 24. Bh6 Rg8 25. Rxe8 Qxe8 26. Bg7+ Rxg7 27.
fxg7+ Kxg7 28. Qg3+ Kf8 29. Re1 Qd7 30. Qe5 Kg8 31. Qg5+ Kf8 32. Qf6 Kg8 33.
Re5 Bd8 34. Rg5+ Kf8 35. Qg7+ Ke7 36. Qe5+ Kf8 37. Qh8+ Ke7 38. Re5+ Kd6 39.
Re1 f6 40. Qf8+ Kc6 41. Qg8 Kb5 42. a4+ Kb4 43. b3 cxb3 44. cxb3 Bb6 45. Qc4+
Ka5 46. Re7 Qc6 47. Re6 Qd7 48. Rxf6 a6 49. Rf1 Qd6 50. Qd3 Bc7 51. Qxh7 d3 52.
Rd1 d2 53. Qh3 Qd4 54. Qf3 Bf4 55. Rf1 Be3 56. Qd1 Kb4 57. Rf3 Qc3 58. Rf1 Qc1
59. Qe2 Bd4 0-1

[Event "I Weekend"]
[Site "Rivarolo Mantovano ITA"]
[Date "2003.10.19"]
[Round "6"]
[White "Dordoni, Dario"]
[Black "Salati, Paolo"]
[Result "1/2-1/2"]
[WhiteElo "1609"]
[BlackElo "1615"]
[PlyCount "110"]
[EventDate "2003.10.11"]

1. Nf3 d5 2. b3 Nc6 3. d4 Bg4 4. Bb2 e6 5. e3 Nf6 6. Be2 Bb4+ 7. Bc3 Ne4 8.
Bxb4 Nxb4 9. c3 Nc6 10. c4 O-O 11. h3 Bh5 12. O-O Qe7 13. Nfd2 Bxe2 14. Qxe2
Nf6 15. Nc3 Rad8 16. Rfc1 Rfe8 17. Nf3 e5 18. Nxd5 Nxd5 19. cxd5 Rxd5 20. dxe5
Nxe5 21. Nxe5 Qxe5 22. Qc4 c6 23. Rd1 Red8 24. Qe2 g6 25. Rac1 Qd6 26. Rxd5
Qxd5 27. Qd1 Qd2 28. Qxd2 Rxd2 29. Ra1 Kf8 30. e4 Ke7 31. f3 Rb2 32. Kh2 f6 33.
Kg3 h5 34. h4 Ke6 35. Kh3 Ke5 36. Kg3 g5 37. hxg5 fxg5 38. Kh3 g4+ 39. fxg4
hxg4+ 40. Kxg4 Rxg2+ 41. Kf3 Rb2 42. Ke3 Rh2 43. Kd3 Rh3+ 44. Kc4 Re3 45. Rh1
Rxe4+ 46. Kd3 Rd4+ 47. Kc3 Rd7 48. Kc4 b6 49. Rh5+ Kd6 50. a4 Kc7 51. b4 Rd1
52. Rh7+ Rd7 53. Rh4 a6 54. Rh5 Rd6 55. Rh7+ Rd7 1/2-1/2

[Event "I Weekend"]
[Site "Rivarolo Mantovano ITA"]
[Date "2003.10.19"]
[Round "6"]
[White "Fezzardi, Emanuele"]
[Black "Pipitone, Antonio"]
[Result "1/2-1/2"]
[WhiteElo "1762"]
[BlackElo "2014"]
[PlyCount "40"]
[EventDate "2003.10.11"]

1. d4 Nf6 2. c4 c5 3. Nf3 e6 4. Nc3 d5 5. e3 Nc6 6. dxc5 Bxc5 7. Be2 O-O 8. O-O
a6 9. a3 dxc4 10. Bxc4 b5 11. Ba2 Bb7 12. b4 Bb6 13. Bb2 Qe7 14. Qe2 Rfd8 15.
Rfd1 Rxd1+ 16. Rxd1 Rd8 17. Bb1 e5 18. Ne4 h6 19. Nxf6+ Qxf6 20. Rxd8+ Qxd8
1/2-1/2

[Event "I Weekend"]
[Site "Rivarolo Mantovano ITA"]
[Date "2003.10.19"]
[Round "6"]
[White "Gallo, Carlo"]
[Black "Bozuffi, Italo"]
[Result "1-0"]
[WhiteElo "1654"]
[BlackElo "1570"]
[PlyCount "157"]
[EventDate "2003.10.11"]

1. c4 b6 2. Nc3 d6 3. Nf3 Bb7 4. e3 e6 5. Be2 g6 6. b4 Nd7 7. Bb2 Bg7 8. O-O
Ne7 9. a3 a6 10. Rb1 h6 11. Qc2 Nf5 12. Ne4 e5 13. d4 Ne7 14. dxe5 dxe5 15.
Rfd1 Qc8 16. Nc3 O-O 17. e4 c5 18. Nd5 Nxd5 19. exd5 Qe8 20. Re1 f6 21. Nd2 f5
22. f4 e4 23. Bxg7 Kxg7 24. Qc3+ Kh7 25. Nf1 Qe7 26. Ne3 Qh4 27. g3 Qe7 28. Kh1
Rab8 29. Qc2 Qf6 30. Rf1 Qd4 31. Ng2 Qf6 32. h3 Ba8 33. g4 Rbc8 34. Qd2 Rfe8
35. h4 Qd6 36. Ne3 Qe7 37. g5 hxg5 38. hxg5 Rh8 39. Kg2 Kg7 40. Qc3+ Kf7 41.
Rh1 Qf8 42. Kg3 Qg7 43. Qxg7+ Kxg7 44. bxc5 Rxh1 45. Rxh1 bxc5 46. Rb1 Kf8 47.
Bd1 Rb8 48. Rxb8+ Nxb8 49. Ba4 Ke7 50. Ng2 Bb7 51. Kh4 Bc8 52. Ne3 Bd7 53. Bc2
Kd6 54. Nd1 Be8 55. Nc3 Bd7 56. a4 Bc8 57. a5 Nd7 58. Ba4 Nb8 59. Be8 Nd7 60.
Bxg6 Nf8 61. Bh5 Ke7 62. Na4 Kd6 63. g6 Nd7 64. Nb6 Nf6 65. Nxc8+ Kd7 66. Nb6+
Ke7 67. g7 Ng8 68. Na4 Kf6 69. Nxc5 Kxg7 70. d6 Kf6 71. Nxa6 Ke6 72. c5 Kd7 73.
Nb8+ Kc8 74. d7+ Kc7 75. c6 Nf6 76. a6 Nd5 77. a7 Nb6 78. Na6+ Kd8 79. Bg6 1-0